000 01201nam0a22002531 4500
001 rc\764026
005 20250622123527.0
035 _a(NLR Aleph) 006291382
090 _a7153526
_c7153526
100 _a20040301d1985 |||y0rusy50 ca
101 0 _arus
102 _aRU
105 _ay |||||||||
200 1 _aРак легкого и верхних дыхательных путей
_eТез. докл.
_eТретья науч.-практ. онкол. конф. БАССР, посвящ. 40-летию респ. онкол. диспансера
_f[Редкол.: Н.П. Ников (отв. ред.) и др.]
210 _aУфа
_cБ. и.
_d1985
215 _a112 с.
_d20
300 _aВ надзаг.: М-во здравоохранения БАССР, Башк. респ. онкол. диспансер, Науч. мед. о-во онкологии Башк. АССР
702 1 _aНиков
_bН.П.
_gНиколай Петрович
_4340
712 1 2 _aНаучно-практическая онкологическая конф. Башкирской АССР
_d3
_f1985
_eУфа
801 0 _aRU
_bNLR
_gpsbo
801 1 _aRU
_bELAR
_2rusmarc
852 _aNLR
_j86-3/2397
942 _cBOOK
980 _aNB